Pushing the Faith (Record no. 9829)

MARC details
000 -LEADER
fixed length control field 00634nam a2200241 a 4500
020 ## - INTERNATIONAL STANDARD BOOK NUMBER
ISBN 0824518
082 00 - DEWEY DECIMAL CLASSIFICATION NUMBER
Classification number 291.7
Author Cutter MAR
100 ## - MAIN ENTRY--AUTHOR NAME
Author name Marty, Martin E
245 ## - TITLE STATEMENT
Title Pushing the Faith
Sub title Proselytism and Civility in a Pluralistic World
260 ## - PUBLICATION, DISTRIBUTION, ETC. (IMPRINT)
Place of publication New York
Name of publisher Cross Road Publishing Co.
Year of publication 1988
300 ## - PHYSICAL DESCRIPTION
Number of Pages 190p
500 ## - GENERAL NOTE
General note includes index and biblioraphy
505 2# - FORMATTED CONTENTS NOTE
Formatted contents note notes
650 ## - SUBJECT ADDED ENTRY--TOPICAL TERM
Topical Term Conversation
650 ## - SUBJECT ADDED ENTRY--TOPICAL TERM
Topical Term Missions-Congress
942 ## - ADDED ENTRY ELEMENTS (KOHA)
Koha item type Books
Holdings
Collection code Home library Current library Date acquired Cost, normal purchase price Full call number Accession Number Koha item type
  Henry Martyn Institute Library Henry Martyn Institute Library 07/24/2007 460.00 291.7 MAR 015141 Books
                   Copyright © 2026 | Henry Martyn Institute | Hyderabad | TS-500052 | INDIA | Implemented by hmi.edu.in
Hit-Count:

Powered by Koha